Films avec Jean Reno - Mort subite - Statistiques

Statistiques générales
  • Ce quiz a été pris 521 fois
  • Le résultat moyen est 8 sur 20
Answers on the Grid
Answers color-coded by a green-red scale on the quiz's grid according to % correct below.
Le Grand Bleu
Les Visiteurs
Léon
Mission impossible
Le Cinquième Élément
Godzilla
Les Rivières pourpres
Wasabi
Les Visiteurs en Amérique
Les Couloirs du temps : Les Visiteurs 2
Da Vinci Code
Marsupilami
Nikita
Les Visiteurs : La Révolution
Les Seigneurs
Loups-garous
Les Bidasses aux grandes manœuvres
Ronin
Tais-toi !
La Panthère rose
Les Visiteurs en Asie
Les Visiteurs : Retour vers le futur
Les Petits Mouchoirs
Astérix et Obélix : Mission Cléopâtre
Taxi
Star Wars, épisode VII : Le Réveil de la Force
L'Arnacœur
Alibi.com
Goldfinger
Eva
Les Randonneurs
Le Septième Sceau
Interstellar
Black Swan
La Soupe aux choux
Sirāt
 
Statistiques - réponses
Réponse % Correct
Léon
77%
Les Visiteurs
72%
Le Grand Bleu
62%
Les Couloirs du temps : Les Visiteurs 2
60%
Les Visiteurs : La Révolution
60%
Les Visiteurs en Amérique
57%
Nikita
49%
Wasabi
49%
Les Rivières pourpres
46%
Tais-toi !
43%
Da Vinci Code
37%
Godzilla
34%
Mission impossible
32%
Ronin
29%
Loups-garous
27%
La Panthère rose
21%
Le Cinquième Élément
21%
Marsupilami
19%
Les Seigneurs
12%
Les Bidasses aux grandes manœuvres
3%
Aucun quiz correspondant
Distribution des résultats
% des personnes avec chaque résultat
Percentile par nombre de réponses
Votre historique - résultats
Vous n’avez pas pris ce quiz